000 00634nam a2200241Ia 4500
003 OSt
005 20221007065929.0
006 a|||||r|||| 00| 0
007 ta
008 221006b |||||||| |||| 00| 0 eng d
024 _a35,242
037 _cReference Collections
040 _aFLL
_cFLL
_beng
041 _2eng
_aeng
082 _aZ2,8vN5, P9
100 _aRai Kailash
245 0 _aHistory of courts
250 _a5th
260 _aFaridabad
_bAllahabad Law Agency India
_c2009
300 _axvi,491p
_ccm.
942 _hZ2,8vN5, P9
_cREF
_2CC
999 _c1138788
_d1138788